Concept of National Integration of Sir Syed Ahmed Khan (Record no. 3174)

MARC details
000 -LEADER
fixed length control field 00681nam a2200253 a 4500
020 ## - INTERNATIONAL STANDARD BOOK NUMBER
ISBN
082 00 - DEWEY DECIMAL CLASSIFICATION NUMBER
Classification number 297.1977
Author Cutter SID
100 ## - MAIN ENTRY--AUTHOR NAME
Author name Siddiqui, M Muslehuddin
245 ## - TITLE STATEMENT
Title Concept of National Integration of Sir Syed Ahmed Khan
260 ## - PUBLICATION, DISTRIBUTION, ETC. (IMPRINT)
Place of publication Hyderabad
Name of publisher Andhra Pradesh Publich Lib.Association
Year of publication 0000
300 ## - PHYSICAL DESCRIPTION
Number of Pages 201-231p
500 ## - GENERAL NOTE
General note includes index and biblioraphy
505 2# - FORMATTED CONTENTS NOTE
Formatted contents note Index
650 ## - SUBJECT ADDED ENTRY--TOPICAL TERM
Topical Term Syed Ahmad Khan
650 ## - SUBJECT ADDED ENTRY--TOPICAL TERM
Topical Term Islam and Politics
942 ## - ADDED ENTRY ELEMENTS (KOHA)
Koha item type Books
700 1# -
-- Siddiqui, M Muslehuddin
Holdings
Collection code Home library Current library Date acquired Cost, normal purchase price Full call number Accession Number Koha item type
  Henry Martyn Institute Library Henry Martyn Institute Library 09/02/2011 100.00 297.1977 SID 06924 Books
                   Copyright © 2026 | Henry Martyn Institute | Hyderabad | TS-500052 | INDIA | Implemented by hmi.edu.in
Hit-Count:

Powered by Koha